000 00342nam a2200133 i 4500
001 bg
100 1 _aMAJEWSKI, M.
245 0 _aZadania z perspektywy cieni w rzutach Monge`a i z perspektywy cieni /
_cM. Majewski.
260 _aSzczecin,
_c1985.
040 _cBPK
041 _apol
942 _cKS
008 s pl f |000 0 pol
999 _c3185
_d3185
856 _uhttp://koha.tu.koszalin.pl/cgi-bin/koha/opac-detail.pl?biblionumber=3185
_yKatalog online BPK